000 00927 a2200205 4500
001 54348
005 20260407155815.0
008 260407a1969 arg spa d
003 AR-UNSa-BCEJYS
040 _aAR-UNSa-BCEJYS
_bspa
_cAR-UNSa-BCEJYS
080 _a330.342.146
_xEconomía social de mercado. Economía del estado del bienestar
245 1 0 _aEconomía del bienestar
264 1 _aMadrid :
_bEdiciones Rialp
_c1969
300 _a255 p.
_c23 cm.
505 _a1. Un repaso de la evolución de la economía del bienestar durante el período 1939-1959 - 2. Reflexiones en torno a los desarrollos del concepto de efectos externos - 3. Una evaluación de los principios de asimilación de recursos - 4. Realismo e importancia del excedente del consumidor - 5. La renta como medida de la variación de bienestar
041 _aspa
942 _cBK
590 _aniveau_biblio:m niveau_hierar:0
100 1 _aMishan, E. J.
999 _c5510
_d5510